Transport Phenomena (Record no. 329495)

000 -LEADER
fixed length control field 00571nam a22001817a 4500
003 - CONTROL NUMBER IDENTIFIER
control field NUST
005 - DATE AND TIME OF LATEST TRANSACTION
control field 20170510121443.0
008 - FIXED-LENGTH DATA ELEMENTS--GENERAL INFORMATION
fixed length control field 150811b xxu||||| |||| 00| 0 eng d
020 ## - INTERNATIONAL STANDARD BOOK NUMBER
International Standard Book Number 047107392x
040 ## - CATALOGING SOURCE
Transcribing agency 0
082 ## - DEWEY DECIMAL CLASSIFICATION NUMBER
Classification number 530.475 BIR
100 ## - MAIN ENTRY--PERSONAL NAME
9 (RLIN) 5087
Personal name Bird, R. Byron
245 ## - TITLE STATEMENT
Title Transport Phenomena
Statement of responsibility, etc. Byron, Bird, R
260 ## - PUBLICATION, DISTRIBUTION, ETC.
Date of publication, distribution, etc. c 1960
Place of publication, distribution, etc. New York
Name of publisher, distributor, etc. John Wiley
300 ## - PHYSICAL DESCRIPTION
Extent 780p.
500 ## - GENERAL NOTE
General note H.B
650 ## - SUBJECT ADDED ENTRY--TOPICAL TERM
9 (RLIN) 5089
Topical term or geographic name entry element Transport theory
General subdivision -
942 ## - ADDED ENTRY ELEMENTS (KOHA)
Source of classification or shelving scheme
Koha item type Book
Call number prefix 530.475 BIR
Holdings
Withdrawn status Lost status Source of classification or shelving scheme Damaged status Not for loan Collection code Permanent Location Current Location Shelving location Date acquired Total Checkouts Full call number Barcode Date last seen Date last checked out Price effective from Koha item type
            Institute of Environmental Science and Engineering (IESE) Institute of Environmental Science and Engineering (IESE) General Stacks 05/10/2017 1 530.475 BIR IESE-570 01/26/2026 01/26/2026 05/10/2017 Book
© 2023 Central Library, National University of Sciences and Technology. All Rights Reserved.